Top 25 Trading Partners - Sudan - Statistics

General Stats
  • This quiz has been taken 75 times
  • The average score is 40 of 50
Answer Stats
Hint Answer % Correct
2nd Place: 735 China
99%
1st Place: 1,822 China
99%
3rd Place: 588 Saudi Arabia
96%
3rd Place: 1,071 Saudi Arabia
96%
15th Place: 18 United States of America
96%
17th Place: 85 United States of America
96%
4th Place: 580 Egypt
94%
7th Place: 460 Egypt
94%
9th Place: 52 France
94%
18th Place: 81 France
94%
22nd Place: 8 United Kingdom
91%
16th Place: 89 United Kingdom
91%
5th Place: 97 India
90%
4th Place: 873 India
90%
23rd Place: 8 Italy
87%
13th Place: 123 Italy
87%
2nd Place: 1,582 Russia
87%
7th Place: 72 Turkey
87%
8th Place: 382 Turkey
87%
1st Place: 993 United Arab Emirates
87%
5th Place: 787 United Arab Emirates
87%
17th Place: 13 Germany
86%
9th Place: 283 Germany
86%
6th Place: 89 Ethiopia
84%
10th Place: 34 Qatar
84%
6th Place: 548 Japan
83%
8th Place: 60 Pakistan
83%
21st Place: 67 Pakistan
83%
20th Place: 8 South Sudan
83%
10th Place: 277 South Korea
81%
11th Place: 32 Indonesia
75%
12th Place: 189 Oman
75%
18th Place: 11 Kenya
74%
22nd Place: 66 Kenya
74%
25th Place: 7 Kuwait
72%
23rd Place: 65 Kuwait
72%
14th Place: 21 Syria
68%
21st Place: 8 Greece
67%
13th Place: 22 Jordan
65%
14th Place: 117 Jordan
65%
19th Place: 11 Netherlands
65%
15th Place: 104 Netherlands
65%
12th Place: 29 Lebanon
64%
16th Place: 13 Tunisia
59%
24th Place: 58 Malaysia
58%
25th Place: 49 Bangladesh
57%
11th Place: 218 Thailand
57%
24th Place: 8 Uganda
55%
19th Place: 74 Romania
45%
20th Place: 68 Ukraine
41%
No matching quizzes found
Score Distribution
Percent of People with Each Score
Percentile by Number Answered
Your Score History
You have not taken this quiz